00894 a2200169 4500001000700000020001800007040003200025100001900057245002300076260001300099300003400112362000900146520052200155650001100677650001000688650002600698121806 a9780545279741 cEscola Canadense de Niteroi aGeras, Adè€le10aLittle ballet star aNew York a32 p.c2 x 0.37 x 11.2 inches0 a2008 aReaders are invited to join Tilly for her special birthday treat as she discovers the bustle and excitement behind the scenes at a real ballet performance. From backstage warm-ups, to a trip to the dressing room, to an unexpected wardrobe change?Tilly is just like a real ballerina. The only thing that could make her day even more thrilling? The chance to shine on stage! This charming story captures the delight and anticipation of attending an actual ballet, and makes a perfect gift for every aspiring ballerina.  4aBallet 4aDance 4aChildren's Literature